प्रकृतिक महाविनाश लहरें....लावा....भूकम्प / (Record no. 65162)

MARC details
000 -LEADER
fixed length control field 00795nam a22001817a 4500
005 - DATE AND TIME OF LATEST TRANSACTION
control field 20120418103741.0
020 ## - INTERNATIONAL STANDARD BOOK NUMBER
Terms of availability 250.00
International Standard Book Number 8188380350
035 ## - SYSTEM CONTROL NUMBER
System control number B-200123
037 ## - SOURCE OF ACQUISITION
Source of stock number/acquisition
Stock number dpl
082 ## - DEWEY DECIMAL CLASSIFICATION NUMBER
Classification number 303.485
100 ## - MAIN ENTRY--PERSONAL NAME
Personal name कमल, एम.पी.
245 1# - TITLE STATEMENT
Title प्रकृतिक महाविनाश लहरें....लावा....भूकम्प /
Statement of responsibility, etc एम.पी.कमल
260 ## - PUBLICATION, DISTRIBUTION, ETC. (IMPRINT)
Place of publication, distribution, etc नई दिल्ली
Name of publisher, distributor, etc मित्तल बुक एजेन्सी
Date of publication, distribution, etc 2006
270 ## - ADDRESS
Address
City
Postal code
Telephone number
300 ## - PHYSICAL DESCRIPTION
Extent 216पृ.
Dimensions 22सेमी (सजिल्द)
942 ## - ADDED ENTRY ELEMENTS (KOHA)
Institution code [OBSOLETE] dpl
Item type Hindi Books
Call number prefix
Source of classification or shelving scheme Dewey Decimal Classification
Classification part 303.485
Call number suffix कमल
Holdings
Withdrawn status Lost status Not for loan Collection code Home library Current library Date acquired Cost, normal purchase price Full call number Barcode Cost, replacement price Koha item type
      Non-fiction Sarojini Nagar Sarojini Nagar 18/04/2012 250.00 303.485 कमल B-200123 250.00 Hindi Books

© Delhi Public Library
Hit Counter
free hit counter